1900-2000, un siglo de España. (Record no. 47516)

MARC details
000 -LEADER
campo de control de longitud fija 00829nam a2200265 i 4500
001 - NÚMERO DE CONTROL
campo de control 47516
003 - IDENTIFICADOR DE NÚMERO DE CONTROL
campo de control ES-MaACL
005 - FECHA Y HORA DE LA ÚLTIMA TRANSACCIÓN
campo de control 20250812095040.0
007 - CAMPO FIJO DE DESCRIPCIÓN FÍSICA--INFORMACIÓN GENERAL
campo de control de longitud fija t|
008 - DATOS DE LONGITUD FIJA--INFORMACIÓN GENERAL
campo de control de longitud fija 030430s2002 sp ||||1| spa d
020 ## - NÚMERO INTERNACIONAL ESTÁNDAR DEL LIBRO
Número Internacional Estándar del Libro 84-89614-25-3
080 ## - NÚMERO DE LA CLASIFICACIÓN DECIMAL UNIVERSAL
Número de la Clasificación Decimal Universal 77.044(460)"19"
080 ## - NÚMERO DE LA CLASIFICACIÓN DECIMAL UNIVERSAL
Número de la Clasificación Decimal Universal 946.0"19"(084.12)
110 2# - ENTRADA PRINCIPAL--NOMBRE DE ENTIDAD CORPORATIVA
Nombre de entidad corporativa o nombre de jurisdicción como elemento de entrada Agencia EFE
9 (RLIN) 1264
245 10 - MENCIÓN DEL TÍTULO
Título 1900-2000, un siglo de España.
250 ## - MENCION DE EDICION
Mención de edición 4ª ed.
260 ## - PUBLICACIÓN, DISTRIBUCIÓN, ETC.
Lugar de publicación, distribución, etc. [Madrid] :
Nombre del editor, distribuidor, etc. Agencia EFE,
Fecha de publicación, distribución, etc. 2002.
300 ## - DESCRIPCIÓN FÍSICA
Extensión 309 p. :
Otras características físicas fot. col. y n. ;
Dimensiones 31 cm.
500 ## - NOTA GENERAL
Nota general Índice.
594 ## - Nota al título y mención de responsabilidad
Nota al título y mención de responsabilidad Crónica gráfica de un siglo contada por la Agencia EFE a través del material de sus archivos.
650 #4 - PUNTO DE ACCESO ADICIONAL DE MATERIA--TÉRMINO DE MATERIA
Término de materia o nombre geográfico como elemento de entrada Fotografía periodística-
Subdivisión geográfica España.
9 (RLIN) 12967
651 #4 - PUNTO DE ACCESO ADICIONAL DE MATERIA--NOMBRE GEOGRÁFICO
Nombre geográfico España-
Subdivisión general Historia-
Subdivisión cronológica S.XX-
Subdivisión de forma Obras ilustradas.
9 (RLIN) 172537
852 ## - LOCALIZACIÓN
Ubicación ES-MaACL
Número de control de estantería L-26303
Holdings
Estatus retirado Estado de pérdida Estado de daño No para préstamo Biblioteca de origen Biblioteca actual Ubicación en estantería Fecha de adquisición Fuente de adquisición Total de préstamos Signatura topográfica completa Código de barras Visto por última vez Precio de reemplazo Tipo de ítem Koha
        Biblioteca del Ateneo de Madrid Biblioteca del Ateneo de Madrid Depósito 2 17/01/2008     L-26303 1049996 23/02/2023 23/02/2023 Libro impreso